| 000 | 00415nam a2200157Ia 4500 | ||
|---|---|---|---|
| 008 | 210423s2005 xx 000 0 und d | ||
| 020 | _a71437819 | ||
| 041 | _aeng | ||
| 082 | _a574.192 TOYE | ||
| 100 | _aTOY (Eugene C);others. | ||
| 245 | _aCase files: biochemistry. | ||
| 260 |
_aNew York _bTata McGrawhill _c2005 |
||
| 300 |
_axiv,414 _bPB |
||
| 365 |
_b625.49 _cINR |
||
| 906 | _abiochemistry. ; Case ; files: | ||
| 999 |
_c164237 _d164237 |
||